ARRUPE JESUIT UNIVERSITY

CORONAVIRUS -STOP THE SPREAD - CLEAN,DISINFECT,COVER

Empathic attunement : (Record no. 129424)

MARC details
000 -LEADER
fixed length control field 01137pam a2200301 a 4500
001 - CONTROL NUMBER
control field 1964052
003 - CONTROL NUMBER IDENTIFIER
control field ARRUPE
005 - DATE AND TIME OF LATEST TRANSACTION
control field 20190426142239.0
008 - FIXED-LENGTH DATA ELEMENTS--GENERAL INFORMATION
fixed length control field 881031s1989 nju b 001 0 eng
010 ## - LIBRARY OF CONGRESS CONTROL NUMBER
LC control number 88008069
020 ## - INTERNATIONAL STANDARD BOOK NUMBER
International Standard Book Number 0876688571
040 ## - CATALOGING SOURCE
Original cataloging agency DLC
Transcribing agency DLC
Modifying agency DLC
050 00 - LIBRARY OF CONGRESS CALL NUMBER
Classification number RC489.S43
Item number R68 1989
082 00 - DEWEY DECIMAL CLASSIFICATION NUMBER
Classification number 155.2
Edition number 19
300 ## - PHYSICAL DESCRIPTION
Dimensions 23 cm.
100 1# - MAIN ENTRY--PERSONAL NAME
Personal name Rowe, Crayton E.
9 (RLIN) 45875
245 10 - TITLE STATEMENT
Title Empathic attunement :
Remainder of title the "technique" of psychoanalytic self psychology /
Statement of responsibility, etc Crayton E. Rowe, Jr. and David S. MacIsaac.
260 ## - PUBLICATION, DISTRIBUTION, ETC. (IMPRINT)
Place of publication, distribution, etc Northvale, N.J. :
Name of publisher, distributor, etc Jason Aronson,
Date of publication, distribution, etc c1989.
300 ## - PHYSICAL DESCRIPTION
Extent xiii, 321 p. ;
500 ## - GENERAL NOTE
General note Includes index.
504 ## - BIBLIOGRAPHY, ETC. NOTE
Bibliography, etc Bibliography: p. 307-310.
650 #0 - SUBJECT ADDED ENTRY--TOPICAL TERM
Topical term or geographic name as entry element Self psychology.
9 (RLIN) 45652
650 #0 - SUBJECT ADDED ENTRY--TOPICAL TERM
Topical term or geographic name as entry element Psychotherapist and patient.
9 (RLIN) 45876
650 #0 - SUBJECT ADDED ENTRY--TOPICAL TERM
Topical term or geographic name as entry element Empathy.
9 (RLIN) 27549
700 1# - ADDED ENTRY--PERSONAL NAME
Personal name MacIsaac, David S.
9 (RLIN) 45877
906 ## - LOCAL DATA ELEMENT F, LDF (RLIN)
a 7
b cbc
c orignew
d 1
e ocip
f 19
g y-gencatlg
942 ## - ADDED ENTRY ELEMENTS (KOHA)
Source of classification or shelving scheme Library of Congress Classification
Koha item type Monograph ( Printed materials)
Holdings
Withdrawn status Lost status Source of classification or shelving scheme Damaged status Not for loan Collection code Home library Current library Shelving location Date acquired Total Checkouts Full call number Barcode Date last seen Price effective from Koha item type
    Library of Congress Classification     Main Collection ARRUPE LIBRARY ARRUPE LIBRARY Main Collection 24/04/2019   RC489.S43 R68 1989 46600004540 11/09/2019 24/04/2019 Monograph ( Printed materials)

 

Arrupe Library. PO Box MP320 Mt Pleasant, Harare, Zimbabwe
263 242 745411|librarian@aju.ac.zw